000 01017nam a2200241 a 4500
001 64919
003 BD-RjUL
005 20211209081352.0
008 170225s1974 bg |||| |||| 000 0 ben d
020 _c: Tk. 12.00
035 _a(BD-RjUL)65049
040 _aBD-RjUL
_bben
_cBD-RjUL
_dBD-RjUL
041 _aben
082 _223
_a891.44109
_bJIJ 1974
100 1 _aদাস, জীবনানন্দ
_9186593
245 1 _aজীবনানন্দ দাসের কবিতা /
_cজীবনানন্দ দাস ;আবদুল মান্নান সৈয়দ- সম্পাদিত
260 _aঢাকা :
_bনলেজ হোম ;
_c১৯৭৪ [১৩৮১]
300 _a১৫৯ পৃ. ;
_c১৯ সেমি.
650 _aবাংলাকবিতা
_xইতিহাস ও সমালোচনা
_9191619
650 _aBengali Poetry
_xHistory and Criticism
_9186582
700 1 _aসৈয়দ, আবদুল মান্নান
_9179871
942 _2ddc
_cBK
999 _c64919
_d64919